000 00505nam a2200205Ia 4500
005 20231215114633.0
008 131103s9999 xx 000 0 und d
020 _c16s.
040 _aLoreto College
041 _aEnglish
082 _a424
_bSTO
100 _aStonor,Oliver
245 2 _aA First Book of Synonyms,
_cOliver Stonor
260 _aLondon
_bRoutledge & Kegan Paul
_c1963
300 _axvi,144 p.
504 _aIncludes index
650 _aSynonyms
850 _aLCLIB
942 _cBK
999 _c6959
_d57438